000 00320nam a22001337a 4500
999 _c5713
_d5711
005 20210831130325.0
008 180628b xxu||||| |||| 00| 0 eng d
041 _aeng
100 _aBANGIA, DR, R.K.
_96845
245 _aLAW OF TORTS
260 _aFARIDABAD
_bALLAHABAD LAW AGENCY
_c2017
300 _a703p,
942 _cBK